| 000 | 00513nam a2200193Ia 4500 | ||
|---|---|---|---|
| 005 | 20250923150128.0 | ||
| 008 | 008 250917s9999 xx 000 0 eng d | ||
| 037 | _aTextual | ||
| 040 |
_aDSWL _beng _cDSWL |
||
| 041 |
_aeng _2eng |
||
| 084 | _qDSWL | ||
| 100 |
_aCallicutt, J.W. _9842550 |
||
| 245 | 0 |
_aSocial work and mental health _c by J.W.Callicutt |
|
| 260 |
_aNew York _b Free Press _c1983 |
||
| 300 | _a245p. | ||
| 700 |
_a P.J. Lecca _9842551 |
||
| 942 | _cTEXL | ||
| 999 |
_c1459874 _d1459874 |
||